00298nam a2200121Ia 4500003000400000005001700004008004100021040000700062082001900069100002400088245002000112260004400132OSt20230530115104.0210423s1976 xx 000 0 und d cAL a200 223bORTD aORTEGEL (Odelsile). aDancing people. aIndiabThe ICFAI Univercity Pressc1976